000 00906nam a2200229Ii 4500
003 JO-AjNU
008 230605s9999||||xx |||||||||||||| ||und||
017 _a2018/8/3965
020 _a978-9957-593-17-9
040 _aJO-AjNU
_bara
_erda
_cJO-AjNU
041 _aara
050 1 4 _aLB1438.D8242 2019
100 3 _aالدعيلج، ابراهيم بن عبدالعزيز,
_eauthor
_959910
245 0 0 _aالادارة التربوية والتعليمية والادارة المدرسية
250 _aالطبعة الاولى
264 3 1 _aعمان: الدار المنهجية للنشر والتوزيع، 2019
300 _a319ص
_b ويحتوي على قائمة مراجع من ص297-ص319
336 _atext
_btxt
_2rdacontent
337 _aunmediated
_bn
_2rdamedia
338 _avolume
_bnc
_2rdacarrier
650 4 _aالادارة المدرسية- الادارة التربوية
_959911
999 _aA26984
_c30552
_d30552